Universum

Detalles Bibliográficos
Formato: Seriadas
Lenguaje:español
Publicado: Talca, Chile : Universidad de Talca, 1986-
Materias:
Acceso en línea:http://www.vlex.com/source/7257

MARC

LEADER 00000nas a22000007a 4500
005 20130503121922.0
007 cr|||| ||||
008 130503c1986 cl |||| s|||| 0|||b spa d
022 |a 0716498X  
035 |a 7257 
040 |a vLex 
090 |c 4269  |d 4269 
245 0 0 |a Universum  |h [Recurso electrn̤ico] 
256 |a Servicio en ln̕ea 
260 |a Talca, Chile :  |b Universidad de Talca,   |c 1986- 
300 |a 1 Recurso electrn̤ico 
506 |d vLex Global  |d vLex Global (Academic Edition, excluding Law Schools)  |d vLex Global (U.S. Academic Edition, Law Schools)  |d vLex Global (U.S. Academic Edition, excluding Law Schools)  |d vLex Global (Academic Edition, Law Schools) 
650 0 4 |a Sociologa̕  |v Revistas  |z Chile 
740 |a vLex Revistas (Servicio en ln̕ea)  
856 |a Acceso restringido  |u http://www.vlex.com/source/7257 
942 |c REV 
999 0 |a Sociology